| 000 | 00912nam a22002297a 4500 | ||
|---|---|---|---|
| 005 | 20240530110605.0 | ||
| 008 | 161031s2014 ua a g b 000 0 ara d | ||
| 017 |
_a2012/22981 _bمصر. دار الكتب |
||
| 020 | _a9772329014 | ||
| 040 |
_aEG-CaGPL _cEG-CaGPL |
||
| 082 | 0 | 4 |
_221 _a375.006\ _bع م |
| 100 | 0 | _aعبدالحفيظ محمود حنفى همام . | |
| 245 | 1 | 2 |
_aالمناهج الدراسية بين الاصالة و المعاصرة و استشراف المستقبل / _cعبدالحفيظ محمود حنفى همام . |
| 250 | _aط.1 | ||
| 260 |
_aالقاهرة : _bعالم الكتب ، _c2014 . |
||
| 300 |
_a464 ص ؛ _c24 سم . |
||
| 504 | _aيشتمل على ارجاعات ببليوجرافية | ||
| 650 | 0 | 4 |
_2qrmak _aالمناهج الدراسية |
| 650 | 0 | 4 |
_2qrmak _aالمناهج _xتطوير |
| 942 |
_2ddc _cBK |
||
| 999 |
_c62740 _d62740 |
||